Detalles MARC
| 000 -LEADER |
| fixed length control field |
02596nam a2200409Ii 4500 |
| 001 - CONTROL NUMBER |
| control field |
DIGCIDOB050 |
| 003 - CONTROL NUMBER IDENTIFIER |
| control field |
NyNyDIG |
| 008 - FIXED-LENGTH DATA ELEMENTS--GENERAL INFORMATION |
| fixed length control field |
140801s2012 sp a ob 000 0 spa d |
| 006 - FIXED-LENGTH DATA ELEMENTS--ADDITIONAL MATERIAL CHARACTERISTICS |
| fixed length control field |
m o d |
| 007 - PHYSICAL DESCRIPTION FIXED FIELD--GENERAL INFORMATION |
| fixed length control field |
cr ||||||||||| |
| 035 ## - SYSTEM CONTROL NUMBER |
| System control number |
(OCoLC)893890648 |
| 040 ## - CATALOGING SOURCE |
| Original cataloging agency |
DGITA |
| Language of cataloging |
eng |
| Description conventions |
rda |
| -- |
pn |
| Transcribing agency |
DGITA |
| 043 ## - GEOGRAPHIC AREA CODE |
| Geographic area code |
s-bo--- |
| 050 14 - LIBRARY OF CONGRESS CALL NUMBER |
| Classification number |
JL2292 eBook |
| 245 00 - TITLE STATEMENT |
| Title |
Diáspora y voto en el exterior : |
| Remainder of title |
la participación política de los emigrantes bolivianos en las elecciones de su país de origen / |
| Statement of responsibility, etc. |
Jean-Michel Lafleur (Ed.). |
| 264 #1 - PRODUCTION, PUBLICATION, DISTRIBUTION, MANUFACTURE, AND COPYRIGHT NOTICE |
| Place of production, publication, distribution, manufacture |
Barcelona : |
| Name of producer, publisher, distributor, manufacturer |
CIDOB ediciones, |
| Date of production, publication, distribution, manufacture, or copyright notice |
[2012] |
| 300 ## - PHYSICAL DESCRIPTION |
| Extent |
1 online resource (190 pages) : |
| Other physical details |
illustrations. |
| 336 ## - CONTENT TYPE |
| Content type term |
text |
| Content type code |
txt |
| Source |
rdacontent |
| 337 ## - MEDIA TYPE |
| Media type term |
computer |
| Media type code |
c |
| Source |
rdamedia |
| 338 ## - CARRIER TYPE |
| Carrier type term |
online resource |
| Carrier type code |
cr |
| Source |
rdacarrier |
| 490 1# - SERIES STATEMENT |
| Series statement |
Colección Monografías |
| 504 ## - BIBLIOGRAPHY, ETC. NOTE |
| Bibliography, etc. note |
Includes bibliographical references. |
| 505 0# - FORMATTED CONTENTS NOTE |
| Formatted contents note |
Hablamos de derechos de las personas migrantes / Lorenzo Cachón Rodríguez -- Transnacionalismo, diáspora y voto en el exterior / Jean-Michel Lafleur -- Surgimiento y desarrollo del "voto en el exterior" en el "proceso de cambio" boliviano / Alfonso Hinojosa Gordonava, Eduardo E. Domenech, Jean-Michel Lafleur -- El voto de los migrantes bolivianos en Madrid : un asunto privado con impacto transnacional / Elisa Brey, Inara Stürckow, Jean-Michel Lafleur -- "¡Todos con Evo!" : el voto boliviano en Buenos Aires / Brenda Canelo, Carla Gallinati, Natalia Gavazzo, Lucía Groisman, Lucila Nejamkis -- La reelección de Evo Morales en São Paulo : análisis del día de la votación / Salvador Schavelzon -- "¡Basta con Evo!" : el voto boliviano en Nueva York / Jean-Michel Lafleur, Emmanuel von Arx -- Ciudadanos en el exterior y participación electoral transnacional : lecciones de la primera experiencia boliviana de voto en el exterior en las elecciones presidenciales del 2009 / Jean-Michel Lafleur. |
| 588 0# - SOURCE OF DESCRIPTION NOTE |
| Source of description note |
Online resource; title from ePub and PDF title page (Digitalia, viewed Aug. 8, 2014) |
| 650 #0 - SUBJECT ADDED ENTRY--TOPICAL TERM |
| Topical term or geographic name entry element |
Voting |
| Geographic subdivision |
Bolivia. |
| 650 #0 - SUBJECT ADDED ENTRY--TOPICAL TERM |
| Topical term or geographic name entry element |
Elections |
| Geographic subdivision |
Bolivia. |
| 651 #0 - SUBJECT ADDED ENTRY--GEOGRAPHIC NAME |
| Geographic name |
Bolivia |
| General subdivision |
Emigration and immigration. |
| 655 #0 - INDEX TERM--GENRE/FORM |
| Genre/form data or focus term |
Electronic books. |
| 700 1# - ADDED ENTRY--PERSONAL NAME |
| Personal name |
Lafleur, Jean-Michel, |
| Relator term |
editor. |
| 791 2# - |
| -- |
Digitalia (Firm), |
| -- |
distributor. |
| 793 0# - |
| -- |
Digitalia eBook Collection: |
| -- |
Fundació CIDOB |
| 776 08 - ADDITIONAL PHYSICAL FORM ENTRY |
| Relationship information |
Print version: |
| Title |
Diáspora y voto en el exterior |
| Place, publisher, and date of publication |
Barcelona : CIDOB ediciones, [2012] |
| 830 #0 - SERIES ADDED ENTRY--UNIFORM TITLE |
| Uniform title |
Colección Monografías (CIDOB (Center)) |
| 856 40 - ELECTRONIC LOCATION AND ACCESS |
| Materials specified |
Digitalia Hispánica |
| Uniform Resource Identifier |
<a href="https://www.digitaliapublishing.com/a/19629/">https://www.digitaliapublishing.com/a/19629/</a> |
| 910 ## - USER-OPTION DATA (OCLC) |
| User-option data |
Premium Collection: 2014 |
| 942 ## - ADDED ENTRY ELEMENTS (KOHA) |
| Koha item type |
Recurso Electrónico |